[Event "29. Torneo San Viator 2017"]
[Site "Madrid ESP"]
[Date "2017.10.29"]
[Round "6.8"]
[White "Monreal Bejarano, Luis Miguel"]
[Black "Fernandez Estremera, Fernando"]
[Result "1/2-1/2"]
[WhiteElo "1883"]
[BlackElo "1721"]
[PlyCount "202"]
[EventDate "2017.09.17"]
[EventType "swiss"]
[EventRounds "9"]
[EventCountry "ESP"]
[SourceTitle "Ajedrez en Madrid"]
[Source "lmi"]
[SourceDate "2017.09.17"]

1. d4 Nf6 2. Nf3 d5 3. g3 c6 4. Bg2 Bf5 5. O-O e6 6. c4 Nbd7 7. cxd5 cxd5 8.
Nc3 Be7 9. Bf4 Nh5 10. Bd2 O-O 11. Rc1 a6 12. Ne5 Nhf6 13. Nxd7 Qxd7 14. Na4
Rac8 15. Nb6 Rxc1 16. Qxc1 Qb5 17. Nc8 Re8 18. Nxe7+ Rxe7 19. Re1 Qb6 20. Bc3
h6 21. Qd2 Ne4 22. Bxe4 Bxe4 23. Ba5 Qa7 24. Qb4 b5 25. Rc1 f6 26. Rc6 e5 27.
dxe5 fxe5 28. Bb6 Qb7 29. Qd6 d4 30. Rc7 Rxc7 31. Bxc7 d3 32. exd3 Bxd3 33.
Qd8+ Kf7 34. Bxe5 Be4 35. Qh8 Kg6 36. Qe8+ Kh7 37. Qd8 Bh1 38. Qd3+ Be4 39. Qd2
Bh1 40. f4 Be4 41. a3 Qd5 42. Qxd5 Bxd5 43. Kf2 g6 44. Ke3 a5 45. Kd4 Bc4 46.
Bc7 a4 47. Ke5 Kg7 48. g4 Be2 49. g5 hxg5 50. fxg5 Kf7 51. h4 Ke7 52. Bb6 Kf7
53. Bd4 Bd1 54. Kd6 Bf3 55. Bc3 Be2 56. Kc5 Ke6 57. Kc6 Kf7 58. Kd5 Bf3+ 59.
Ke5 Bd1 60. Kf4 Be2 61. Ke3 Bg4 62. Kd2 Be6 63. Bb4 Bd5 64. Ke3 Bc4 65. Kf3 Be6
66. Be1 Bd7 67. Bf2 Be6 68. Bd4 Bd7 69. Bf6 Be6 70. Ke4 Bc4 71. Ke5 Be2 72. Kd6
Bc4 73. Bh8 Be2 74. Kc5 Bc4 75. Kb4 Kg8 76. Be5 Kf7 77. Kc3 Kg8 78. Kc2 Kf7 79.
Kd2 Kg8 80. Ke3 Kf7 81. Kf2 Ke6 82. Bh8 Kf7 83. Bd4 Bd3 84. Kg3 Be2 85. Ba7 Bd1
86. Kf2 Bb3 87. Bb8 Kg8 88. Be5 Kf7 89. Bc3 Kg8 90. Kg3 Bd1 91. Kf4 Kf7 92. Bd4
Be2 93. Bh8 Bd1 94. Ke5 Be2 95. Bf6 Bc4 96. Bh8 Be2 97. Kd4 Bc4 98. Be5 Be2 99.
Bg3 Bc4 100. Ke4 Be2 101. Be1 Bc4 1/2-1/2

[Event "29. Torneo San Viator 2017"]
[Site "Madrid ESP"]
[Date "2017.10.29"]
[Round "6.9"]
[White "Campos Tores, Jose Luis"]
[Black "Garcia Galeote, Lorenzo"]
[Result "0-1"]
[WhiteElo "1879"]
[BlackElo "1989"]
[PlyCount "180"]
[EventDate "2017.09.17"]
[EventType "swiss"]
[EventRounds "9"]
[EventCountry "ESP"]
[SourceTitle "Ajedrez en Madrid"]
[Source "lmi"]
[SourceDate "2017.09.17"]

1. d4 d5 2. c4 e6 3. Nc3 Be7 4. Nf3 Nf6 5. Bg5 O-O 6. e3 Nbd7 7. Bd3 a6 8. cxd5
exd5 9. O-O c6 10. Re1 Re8 11. Qc2 g6 12. Rad1 Nf8 13. h3 Ne6 14. Bh6 Ng7 15.
Bxg7 Kxg7 16. e4 dxe4 17. Nxe4 Nd5 18. Qc1 Bf5 19. Nc5 Bxd3 20. Rxd3 Qc7 21.
Rb3 Bxc5 22. dxc5 Re7 23. Rxe7 Qxe7 24. Qg5 f6 25. Qg4 Re8 26. Nd4 Qe1+ 27. Kh2
Qe5+ 28. g3 Re7 29. h4 f5 30. Qd1 f4 31. Nf3 Qf5 32. Qd4+ Kg8 33. gxf4 Re4 34.
Qd2 Rxf4 35. Qd3 Qg4 36. Qe2 Re4 37. Qd3 Re7 38. Qd4 Qf5 39. Ng5 h6 40. Rf3
Qe5+ 41. Qxe5 Rxe5 42. Nf7 Rh5 43. Kg3 Ne7 44. Nd6 Rxc5 45. Nxb7 Nf5+ 46. Kh3
Rc4 47. Ra3 Rxh4+ 48. Kg2 Rb4 49. Nc5 Rxb2 50. Rxa6 Nd4 51. Ra7 Rb5 52. Ne4 Rf5
53. a4 Nb3 54. Ra8+ Kg7 55. Ra7+ Kf8 56. Nd6 Ra5 57. Rf7+ Kg8 58. Rf6 Rxa4 59.
Rxg6+ Kh7 60. Rg3 Nd2 61. Nf5 Rf4 62. Nd6 Rf6 63. Rd3 Rg6+ 64. Kh3 Nf3 65. Ne4
Ng5+ 66. Nxg5+ Rxg5 67. Rd7+ Rg7 68. Rd3 c5 69. Rc3 Rc7 70. Kg4 Kg6 71. Rc4 h5+
72. Kh4 Kh6 73. Kg3 Kg5 74. Kh3 Kf5 75. Kh4 Rc8 76. Kh3 Ke5 77. Kh4 Kd5 78. Rc1
Ke4 79. Kxh5 Kf3 80. Rc2 c4 81. Kg5 c3 82. Kf5 Rc5+ 83. Ke6 Ke4 84. Re2+ Kd3
85. Re3+ Kd4 86. Re1 c2 87. Rc1 Ke4 88. Kd6 Rc8 89. Ke6 Kf3 90. Kd5 Kxf2 0-1

[Event "29. Torneo San Viator 2017"]
[Site "Madrid ESP"]
[Date "2017.10.29"]
[Round "6.10"]
[White "Mazo Fernandez, Roberto"]
[Black "Sotoca Aguado, Jose"]
[Result "1-0"]
[WhiteElo "1967"]
[BlackElo "1885"]
[PlyCount "115"]
[EventDate "2017.09.17"]
[EventType "swiss"]
[EventRounds "9"]
[EventCountry "ESP"]
[SourceTitle "Ajedrez en Madrid"]
[Source "lmi"]
[SourceDate "2017.09.17"]

1. d4 Nf6 2. c4 e6 3. Nc3 Bb4 4. f3 O-O 5. e4 c6 6. Bd3 d6 7. Nge2 Nbd7 8. O-O
e5 9. d5 Bc5+ 10. Kh1 Bd4 11. Nxd4 exd4 12. Ne2 c5 13. f4 Re8 14. Ng3 Nf8 15.
h3 Qc7 16. Bd2 Bd7 17. Qc2 Ng6 18. Rae1 b5 19. b3 Re7 20. e5 dxe5 21. Bxg6 hxg6
22. fxe5 Ree8 23. d6 Qc8 24. exf6 Qc6 25. cxb5 Qxd6 26. Ne4 Qd5 27. Qxc5 Qxc5
28. Nxc5 Bxb5 29. Rxe8+ Rxe8 30. Re1 Rc8 31. b4 a5 32. a3 axb4 33. axb4 gxf6
34. Kg1 Ra8 35. Re4 Ra1+ 36. Kf2 Rf1+ 37. Kg3 d3 38. Rf4 Rd1 39. Rf2 f5 40. Kf4
Rg1 41. Nb3 Bc6 42. Kg3 f6 43. h4 Kf7 44. Nd4 Bd5 45. Be3 Rb1 46. b5 Ke7 47. b6
Kd6 48. Rd2 Be4 49. Kf2 Kd5 50. Nf3 Kc4 51. Ra2 Kb3 52. Ra7 Rb2+ 53. Ke1 Kc4
54. Rc7+ Kd5 55. Rd7+ Ke6 56. Rxd3 f4 57. Bd4 Rb1+ 58. Kd2 1-0

[Event "29. Torneo San Viator 2017"]
[Site "Madrid ESP"]
[Date "2017.10.29"]
[Round "6.11"]
[White "Garcia Sanjuan, Jose"]
[Black "Rosa Ramirez, Victor D"]
[Result "1-0"]
[WhiteElo "1899"]
[BlackElo "1955"]
[PlyCount "137"]
[EventDate "2017.09.17"]
[EventType "swiss"]
[EventRounds "9"]
[EventCountry "ESP"]
[SourceTitle "Ajedrez en Madrid"]
[Source "lmi"]
[SourceDate "2017.09.17"]

1. Nf3 d5 2. b3 Nf6 3. Bb2 c5 4. e3 a6 5. h3 Nc6 6. d3 d4 7. e4 e5 8. a4 Bd7 9.
Nbd2 Bd6 10. g4 h6 11. Nh4 Bc7 12. Nf5 g6 13. Ng3 Ba5 14. Bg2 Be6 15. O-O Qe7
16. Ne2 O-O-O 17. Nf3 h5 18. g5 Nh7 19. h4 f6 20. Bc1 Rdf8 21. Bd2 Bd8 22. c3
Bg4 23. gxf6 Qxf6 24. Ng5 dxc3 25. Nxh7 Rxh7 26. Bg5 Qd6 27. f3 Be6 28. Rc1 Ba5
29. Kh1 Rd7 30. Nxc3 Qxd3 31. Nd5 Qxd1 32. Rfxd1 Bb4 33. Nb6+ Kc7 34. Nxd7 Bxd7
35. Bd2 Bxd2 36. Rxd2 b6 37. Kh2 Nd4 38. Rc3 a5 39. Kg3 Be6 40. Rb2 Kb7 41. Bf1
Bd7 42. Bc4 Bc6 43. Re3 Kc7 44. Rf2 Rf4 45. Rg2 Be8 46. Rh2 Bd7 47. Rd2 Bc6 48.
Bb5 Bxb5 49. axb5 Rf6 50. Red3 Kd7 51. Rg2 Ke7 52. Kf2 Kf7 53. Rg5 Ke6 54. Rg3
Nxb5 55. Rd8 Nd4 56. Rb8 Kd7 57. Rg8 Nxb3 58. R3xg6 Ke6 59. Rxf6+ Kxf6 60. Rb8
c4 61. Rxb6+ Ke7 62. Rc6 Nd2 63. Ke2 Nb3 64. Rxc4 Nd4+ 65. Ke3 Kd6 66. Rxd4+
exd4+ 67. Kxd4 a4 68. Kc4 Ke5 69. Kb4 1-0

[Event "29. Torneo San Viator 2017"]
[Site "Madrid ESP"]
[Date "2017.10.29"]
[Round "6.12"]
[White "Cid Garcia, Ramon"]
[Black "Gil Sierra, Jacinto"]
[Result "1/2-1/2"]
[WhiteElo "1844"]
[BlackElo "1920"]
[PlyCount "50"]
[EventDate "2017.09.17"]
[EventType "swiss"]
[EventRounds "9"]
[EventCountry "ESP"]
[SourceTitle "Ajedrez en Madrid"]
[Source "lmi"]
[SourceDate "2017.09.17"]

1. e4 c5 2. Nf3 Nc6 3. Bb5 Nd4 4. Nxd4 cxd4 5. O-O g6 6. d3 Bg7 7. Qe2 e6 8. a4
Ne7 9. Bg5 f6 10. Bh4 Qb6 11. f4 O-O 12. Kh1 Nc6 13. Bxc6 dxc6 14. b3 Bd7 15.
Nd2 Qc5 16. Bf2 Bh6 17. Nf3 e5 18. fxe5 fxe5 19. Bg3 Bf4 20. Bxf4 Rxf4 21. g3
Rf6 22. Kg2 Raf8 23. Rf2 Bg4 24. Raf1 Qe7 25. h3 Bxf3+ 1/2-1/2

[Event "29. Torneo San Viator 2017"]
[Site "Madrid ESP"]
[Date "2017.10.29"]
[Round "6.13"]
[White "Sanchez Gomez, Emiliano"]
[Black "Recuenco Andres, Javier"]
[Result "0-1"]
[WhiteElo "1742"]
[BlackElo "1904"]
[PlyCount "104"]
[EventDate "2017.09.17"]
[EventType "swiss"]
[EventRounds "9"]
[EventCountry "ESP"]
[SourceTitle "Ajedrez en Madrid"]
[Source "lmi"]
[SourceDate "2017.09.17"]

1. e4 d5 2. exd5 Nf6 3. Nf3 Bg4 4. Be2 Qxd5 5. Nc3 Qh5 6. O-O Nc6 7. h3 O-O-O
8. d3 e5 9. Ng5 Bxe2 10. Qxe2 Qxe2 11. Nxe2 Rd7 12. Be3 Nd5 13. Bd2 h6 14. Ne4
f5 15. N4c3 Ndb4 16. Rfc1 e4 17. d4 Nxd4 18. Nxd4 Rxd4 19. Be3 Rd7 20. a3 Nc6
21. Rd1 Rxd1+ 22. Rxd1 Bd6 23. Kf1 Be5 24. Bc1 Bxc3 25. bxc3 Rd8 26. Re1 Kd7
27. h4 Re8 28. g3 Ne5 29. h5 Ng4 30. Kg2 Nf6 31. Rh1 b5 32. Be3 a6 33. Bd4 Re6
34. Rh4 Kd6 35. Rh1 c5 36. Bxf6 Rxf6 37. Rd1+ Ke5 38. Rd7 g5 39. hxg6 Rxg6 40.
Rc7 Kd5 41. Rf7 Rg5 42. Rf6 h5 43. f4 exf3+ 44. Kxf3 Kc4 45. Rc6 a5 46. Ra6 a4
47. Rc6 Rg4 48. Rf6 h4 49. gxh4 Rxh4 50. Rxf5 Rh3+ 51. Ke2 Rxc3 52. Rf4+ Kd5
0-1

[Event "29. Torneo San Viator 2017"]
[Site "Madrid ESP"]
[Date "2017.10.29"]
[Round "6.14"]
[White "Lopez Moreno, Jesus"]
[Black "Ochoa Gonzalez, Hugo"]
[Result "1-0"]
[WhiteElo "2043"]
[BlackElo "1557"]
[PlyCount "51"]
[EventDate "2017.09.17"]
[EventType "swiss"]
[EventRounds "9"]
[EventCountry "ESP"]
[SourceTitle "Ajedrez en Madrid"]
[Source "lmi"]
[SourceDate "2017.09.17"]

1. d4 Nf6 2. c4 g6 3. Nc3 Bg7 4. e4 d6 5. f3 Nbd7 6. Nh3 e5 7. d5 a5 8. Bg5 h6
9. Be3 b6 10. Qd2 Nc5 11. Nf2 Nh5 12. g3 g5 13. Be2 O-O 14. f4 gxf4 15. Bxc5
fxg3 16. Bxh5 gxf2+ 17. Bxf2 Kh7 18. O-O-O a4 19. Rhg1 f5 20. Rxg7+ Kxg7 21.
Rg1+ Kh7 22. Bg6+ Kg7 23. Bxf5+ Kf7 24. Qxh6 Bxf5 25. Rg7+ Ke8 26. Qh5+ 1-0

[Event "29. Torneo San Viator 2017"]
[Site "Madrid ESP"]
[Date "2017.10.29"]
[Round "6.15"]
[White "Tudela Garcia, Antonio"]
[Black "Barahona Torrijos, Angel"]
[Result "1/2-1/2"]
[WhiteElo "1593"]
[BlackElo "1855"]
[PlyCount "98"]
[EventDate "2017.09.17"]
[EventType "swiss"]
[EventRounds "9"]
[EventCountry "ESP"]
[SourceTitle "Ajedrez en Madrid"]
[Source "lmi"]
[SourceDate "2017.09.17"]

1. e4 e5 2. Nf3 Nc6 3. Bb5 Nd4 4. Bc4 Bc5 5. Nxd4 Bxd4 6. Qf3 Qf6 7. Qxf6 Nxf6
8. d3 d6 9. c3 Bb6 10. h3 h6 11. a4 c6 12. a5 Bc7 13. Be3 Be6 14. Bxe6 fxe6 15.
b4 O-O 16. O-O d5 17. Nd2 Nh5 18. Nb3 b6 19. axb6 axb6 20. Rxa8 Rxa8 21. Ra1
Rxa1+ 22. Nxa1 Nf4 23. Bxf4 exf4 24. exd5 exd5 25. Nc2 c5 26. bxc5 bxc5 27. c4
dxc4 28. dxc4 Kf7 29. Kf1 Ke6 30. Ke2 Kf5 31. f3 g5 32. Kf2 h5 33. Ke2 Ba5 34.
Kf2 Bc3 35. Ke2 g4 36. hxg4+ hxg4 37. Kd3 Bf6 38. Na3 Bh4 39. Ke2 Ke5 40. Nc2
g3 41. Kd3 Bd8 42. Ne1 Ba5 43. Nc2 Bb4 44. Ke2 Kd6 45. Kd3 Ba5 46. Ke4 Bd2 47.
Kd3 Bc1 48. Ke2 Kc6 49. Na1 Kd6 1/2-1/2

[Event "29. Torneo San Viator 2017"]
[Site "Madrid ESP"]
[Date "2017.10.29"]
[Round "6.16"]
[White "Fernandez Rios, Jose Francisco"]
[Black "Calvo de Castro, Miguel"]
[Result "0-1"]
[WhiteElo "1770"]
[BlackElo "1836"]
[PlyCount "80"]
[EventDate "2017.09.17"]
[EventType "swiss"]
[EventRounds "9"]
[EventCountry "ESP"]
[SourceTitle "Ajedrez en Madrid"]
[Source "lmi"]
[SourceDate "2017.09.17"]

1. d4 Nf6 2. c4 e6 3. Nf3 d5 4. Bg5 Be7 5. Nc3 O-O 6. e3 Nbd7 7. Rc1 a6 8. cxd5
exd5 9. Bd3 c6 10. O-O Re8 11. a3 Ne4 12. Bxe7 Qxe7 13. Re1 Ndf6 14. Ne5 Bf5
15. Qc2 Bg6 16. f3 Nxc3 17. Bxg6 hxg6 18. Qxc3 Nd7 19. Nxd7 Qxd7 20. b4 Re6 21.
Qc5 Qe7 22. Qxe7 Rxe7 23. a4 Re6 24. b5 cxb5 25. axb5 a5 26. Rc5 Rd6 27. Rec1
Ra7 28. Kf2 a4 29. Ke2 Ra5 30. Kd3 Rb6 31. Rxd5 Rbxb5 32. Rxb5 Rxb5 33. Ra1
Rb3+ 34. Kc4 b5+ 35. Kc5 a3 36. d5 Kf8 37. e4 b4 38. d6 Ke8 39. Kc4 Rb2 40. f4
a2 0-1

[Event "29. Torneo San Viator 2017"]
[Site "Madrid ESP"]
[Date "2017.10.29"]
[Round "6.17"]
[White "Criado Jimenez, Jose"]
[Black "Lopez Nuñez, Roberto"]
[Result "0-1"]
[WhiteElo "1617"]
[BlackElo "1766"]
[PlyCount "35"]
[EventDate "2017.09.17"]
[EventType "swiss"]
[EventRounds "9"]
[EventCountry "ESP"]
[SourceTitle "Ajedrez en Madrid"]
[Source "lmi"]
[SourceDate "2017.09.17"]

1. e4 e6 2. d4 d5 3. Nd2 Nf6 4. e5 Nfd7 5. c3 c5 6. Bd3 Qb6 7. Ne2 Nc6 8. Nf3
cxd4 9. cxd4 f6 10. exf6 Nxf6 11. O-O Bd6 12. Re1 O-O 13. a3 e5 14. dxe5 Nxe5
15. Ned4 Nfg4 16. Re2 Qc7 17. h3 Nxf3+ 18. Nxf3 0-1

[Event "29. Torneo San Viator 2017"]
[Site "Madrid ESP"]
[Date "2017.10.29"]
[Round "6.18"]
[White "Muñoz Cebey, Ricardo"]
[Black "Estevez Sacristan, Deva"]
[Result "1-0"]
[WhiteElo "1847"]
[BlackElo "1665"]
[PlyCount "49"]
[EventDate "2017.09.17"]
[EventType "swiss"]
[EventRounds "9"]
[EventCountry "ESP"]
[SourceTitle "Ajedrez en Madrid"]
[Source "lmi"]
[SourceDate "2017.09.17"]

1. c4 e6 2. g3 d5 3. Bg2 Nf6 4. Nf3 dxc4 5. Qa4+ Nbd7 6. Qxc4 a6 7. Qc2 Bd6 8.
d4 c5 9. O-O O-O 10. Nc3 Rb8 11. Rd1 b5 12. dxc5 Bxc5 13. Bf4 Rb6 14. a4 Ng4
15. e3 e5 16. Nxe5 Ngxe5 17. Bxe5 Qg5 18. Bf4 Qh5 19. Rd5 Qg6 20. Be4 Qe6 21.
Bxh7+ Kh8 22. Bf5 Qe7 23. Bxd7 g6 24. Bxc8 Rxc8 25. Qe4 1-0

[Event "29. Torneo San Viator 2017"]
[Site "Madrid ESP"]
[Date "2017.10.29"]
[Round "6.19"]
[White "Sanz Toledano, Alfonso"]
[Black "Cano Mercado, Francisco Manuel"]
[Result "0-1"]
[WhiteElo "1818"]
[BlackElo "1823"]
[PlyCount "124"]
[EventDate "2017.09.17"]
[EventType "swiss"]
[EventRounds "9"]
[EventCountry "ESP"]
[SourceTitle "Ajedrez en Madrid"]
[Source "lmi"]
[SourceDate "2017.09.17"]

1. Nf3 d5 2. b4 Nf6 3. Bb2 Nbd7 4. e3 g6 5. c4 c6 6. d4 Bg7 7. Qb3 O-O 8. Nc3
e6 9. Be2 dxc4 10. Bxc4 Nb6 11. Be2 Nbd5 12. O-O Nxc3 13. Qxc3 Bd7 14. Qb3 Nd5
15. a4 Re8 16. Rab1 Rc8 17. Rfc1 Bf8 18. Ba3 Qe7 19. Ne5 Red8 20. Nc4 b5 21.
Ne5 Be8 22. axb5 cxb5 23. Nd3 a5 24. Nc5 axb4 25. Bxb4 Nxb4 26. Qxb4 e5 27.
Bxb5 Bxb5 28. Qxb5 exd4 29. exd4 Rxd4 30. Nb3 Rxc1+ 31. Rxc1 Rb4 32. Qd3 Qg5
33. Rd1 Rb6 34. g3 Qg4 35. Rf1 Rd6 36. Qc2 h5 37. Kg2 h4 38. h3 Qg5 39. Rd1
hxg3 40. fxg3 Rf6 41. Qd3 Re6 42. h4 Qg4 43. Nd4 Rd6 44. Qf3 Rxd4 45. Qxg4 Rxg4
46. Kf3 Ra4 47. Rd5 Be7 48. Rd7 Bf6 49. Rd5 Rd4 50. Rb5 Ra4 51. h5 Ra3+ 52. Kg4
gxh5+ 53. Rxh5 Kg7 54. Rb5 Kg6 55. Rd5 Be7 56. Kh3 Kf6 57. Kg2 Ke6 58. Rh5 Bd6
59. Rg5 Be5 60. g4 f6 61. Rg7 Kd5 62. Rg8 Ke4 0-1

[Event "29. Torneo San Viator 2017"]
[Site "Madrid ESP"]
[Date "2017.10.29"]
[Round "6.21"]
[White "Gonzalez Jimenez, Gerardo"]
[Black "Lopez Benitez, David"]
[Result "0-1"]
[WhiteElo "1655"]
[BlackElo "1717"]
[PlyCount "76"]
[EventDate "2017.09.17"]
[EventType "swiss"]
[EventRounds "9"]
[EventCountry "ESP"]
[SourceTitle "Ajedrez en Madrid"]
[Source "lmi"]
[SourceDate "2017.09.17"]

1. c4 Nf6 2. Nf3 g6 3. g3 Bg7 4. Bg2 d6 5. d4 O-O 6. O-O Nc6 7. Nc3 e5 8. dxe5
Nxe5 9. Nxe5 dxe5 10. Qxd8 Rxd8 11. Bg5 h6 12. Bxf6 Bxf6 13. Nd5 Kg7 14. Rfd1
c6 15. Nxf6 Rxd1+ 16. Rxd1 Kxf6 17. Rd8 Ke7 18. Rg8 Kd6 19. Bh3 Kc7 20. e4 a6
21. f4 exf4 22. gxf4 Bxh3 23. Rxa8 Bc8 24. Kf2 b6 25. Ke3 Kb7 26. Rxc8 Kxc8 27.
Kd4 Kd7 28. b4 Ke6 29. e5 Kf5 30. Ke3 c5 31. bxc5 bxc5 32. h4 g5 33. fxg5 hxg5
34. h5 Kxe5 35. Kf3 f5 36. Ke2 g4 37. Kf2 f4 38. a3 Kf5 0-1

[Event "29. Torneo San Viator 2017"]
[Site "Madrid ESP"]
[Date "2017.11.01"]
[Round "7.1"]
[White "Rodriguez Valero, Martin"]
[Black "Quispe Arteaga, Gabriel"]
[Result "0-1"]
[WhiteElo "1835"]
[BlackElo "2197"]
[PlyCount "112"]
[EventDate "2017.09.17"]
[EventType "swiss"]
[EventRounds "9"]
[EventCountry "ESP"]
[SourceTitle "Ajedrez en Madrid"]
[Source "lmi"]
[SourceDate "2017.09.17"]

1. e4 c5 2. Nf3 Nc6 3. Bb5 e6 4. Bxc6 bxc6 5. b3 Ne7 6. Bb2 Ng6 7. h4 h5 8. e5
Be7 9. Nc3 f5 10. g3 c4 11. Qe2 cxb3 12. axb3 Bb7 13. O-O c5 14. d3 Bxf3 15.
Qxf3 Nxe5 16. Qb7 Nc6 17. Nb5 Rb8 18. Qa6 Nb4 19. Qa4 a6 20. Na3 O-O 21. Nc4
Nxc2 22. Rad1 d6 23. Rd2 Nb4 24. d4 cxd4 25. Bxd4 Qe8 26. Qa1 Qg6 27. Kh2 Nd5
28. Qd1 f4 29. Rg1 Qg4 30. Qxg4 hxg4 31. gxf4 Rxf4 32. Be3 Rf7 33. Rxg4 Rxb3
34. h5 Nxe3 35. fxe3 d5 36. Na5 Rxe3 37. h6 Bd6+ 38. Kg2 Kh7 39. Nc6 gxh6 40.
Rb2 Rg7 41. Rxg7+ Kxg7 42. Rb6 Rg3+ 43. Kf1 Bc5 44. Rxa6 Ra3 45. Rxa3 Bxa3 46.
Ke2 Kf6 47. Nd4 Bc5 48. Nb3 Bb6 49. Nd2 e5 50. Kf3 Kf5 51. Nf1 e4+ 52. Ke2 h5
53. Ng3+ Kg4 54. Nf1 h4 55. Nh2+ Kg3 56. Nf1+ Kg2 0-1

[Event "29. Torneo San Viator 2017"]
[Site "Madrid ESP"]
[Date "2017.11.01"]
[Round "7.2"]
[White "Robles Diaz, Jose Alberto"]
[Black "Bustos Bernardo, Samuel"]
[Result "0-1"]
[WhiteElo "2096"]
[BlackElo "2096"]
[PlyCount "164"]
[EventDate "2017.09.17"]
[EventType "swiss"]
[EventRounds "9"]
[EventCountry "ESP"]
[SourceTitle "Ajedrez en Madrid"]
[Source "lmi"]
[SourceDate "2017.09.17"]

1. Nf3 c5 2. g3 Nf6 3. Bg2 Nc6 4. O-O e5 5. c4 d5 6. cxd5 Nxd5 7. Nc3 Be6 8. d3
Be7 9. a3 O-O 10. Nxd5 Bxd5 11. Be3 Qd7 12. Qa4 Rfd8 13. Rfc1 b6 14. b4 cxb4
15. axb4 f6 16. b5 Na5 17. Nd2 Bxg2 18. Kxg2 Qd5+ 19. Kg1 Nb7 20. Qa2 Bc5 21.
Bxc5 Nxc5 22. Qxd5+ Rxd5 23. Nc4 Nd7 24. Rcb1 Kf7 25. Rb4 Rc5 26. Ra6 Ke6 27.
Kf1 Rc7 28. Ra2 Kd5 29. Ne3+ Ke6 30. g4 g6 31. Nc4 Kd5 32. Ne3+ Kd6 33. Kg2 Rc5
34. Rba4 Rxb5 35. Rxa7 Rb8 36. Rc2 Rc5 37. Rxc5 Nxc5 38. Rxh7 b5 39. Rf7 Nd7
40. h4 b4 41. Rg7 Ke6 42. Nc4 Rc8 43. h5 gxh5 44. gxh5 Rh8 45. Kf3 Rxh5 46. Rg1
Rh8 47. Ke3 Nc5 48. Rb1 Rb8 49. Kd2 Kd5 50. e4+ Nxe4+ 51. Ke3 Nc5 52. Na5 f5
53. Kd2 Rb5 54. Nb3 Nxb3+ 55. Rxb3 Kc5 56. Rb1 Ra5 57. Rc1+ Kb5 58. Rc2 Ra1 59.
Rc8 Ra2+ 60. Ke3 b3 61. Rb8+ Ka4 62. f4 exf4+ 63. Kxf4 Rd2 64. Ke3 Rc2 65. Ra8+
Kb4 66. Rb8+ Ka3 67. Ra8+ Kb2 68. d4 Kb1 69. Rf8 b2 70. Rxf5 Rc3+ 71. Kd2 Ra3
72. Rf1+ Ka2 73. Kc2 Ra4 74. Kd3 b1=Q+ 75. Rxb1 Kxb1 76. Ke4 Kc2 77. Ke5 Kc3
78. d5 Kc4 79. d6 Kc5 80. d7 Ra8 81. Ke6 Kc6 82. Ke7 Ra7 0-1

[Event "29. Torneo San Viator 2017"]
[Site "Madrid ESP"]
[Date "2017.11.01"]
[Round "7.3"]
[White "Iagar, Razvan-Gabriel"]
[Black "Rodriguez Bittar, Karim Javier"]
[Result "1-0"]
[WhiteElo "2163"]
[BlackElo "1934"]
[PlyCount "110"]
[EventDate "2017.09.17"]
[EventType "swiss"]
[EventRounds "9"]
[EventCountry "ESP"]
[SourceTitle "Ajedrez en Madrid"]
[Source "lmi"]
[SourceDate "2017.09.17"]

1. d4 c5 2. d5 e5 3. e4 d6 4. Nc3 g6 5. g3 Bg7 6. Bg2 Ne7 7. Nge2 O-O 8. O-O f5
9. f4 a6 10. a4 Nd7 11. Be3 exf4 12. Nxf4 Ne5 13. Kh1 Bd7 14. Qe2 Ng4 15. Bg1
h5 16. exf5 Bxf5 17. Ne6 Bxe6 18. Qxe6+ Kh7 19. Rxf8 Bxf8 20. Ne4 Nf5 21. Rf1
Qe7 22. h3 Qxe6 23. dxe6 Ne5 24. Nf6+ Kh6 25. Kh2 Rb8 26. Nd5 Re8 27. Ne3 Kg5
28. Bxb7 Rb8 29. Be4 Kf6 30. g4 hxg4 31. hxg4 Nxg4+ 32. Nxg4+ Kxe6 33. b3 d5
34. Bd3 Bd6+ 35. Kg2 Rb4 36. Re1+ Kf7 37. Ne5+ Bxe5 38. Bxf5 Bc3 39. Be6+ Kf6
40. Re2 d4 41. Bc4 Rb6 42. Bh2 Rc6 43. Bd5 Rc8 44. Bb7 Rd8 45. Bxa6 Bb4 46. Bc4
Kf5 47. Bd3+ Kf6 48. Bg3 Rd7 49. Bh4+ g5 50. Rf2+ Ke5 51. Rf5+ Kd6 52. Bg3+ Ke6
53. Rxg5 Ra7 54. Rg6+ Kf7 55. Bb5 Bc3 1-0

[Event "29. Torneo San Viator 2017"]
[Site "Madrid ESP"]
[Date "2017.11.01"]
[Round "7.4"]
[White "Luque Ibañes, Manuel"]
[Black "Arauz Alonso, Fernando"]
[Result "1-0"]
[WhiteElo "1987"]
[BlackElo "2140"]
[PlyCount "97"]
[EventDate "2017.09.17"]
[EventType "swiss"]
[EventRounds "9"]
[EventCountry "ESP"]
[SourceTitle "Ajedrez en Madrid"]
[Source "lmi"]
[SourceDate "2017.09.17"]

1. e4 c6 2. d4 d5 3. exd5 cxd5 4. c4 Nf6 5. Nc3 e6 6. Nf3 Be7 7. Bd3 dxc4 8.
Bxc4 O-O 9. O-O a6 10. a3 b5 11. Ba2 Bb7 12. Bg5 Nbd7 13. Re1 Nb6 14. Qd3 Nbd5
15. Ne5 Qd6 16. Bb1 g6 17. h4 Rfd8 18. Qf3 Nxc3 19. Qxb7 Rab8 20. Qf3 Ncd5 21.
Ba2 Rbc8 22. Rac1 Rf8 23. Bxd5 exd5 24. Nc6 Rxc6 25. Rxc6 Qxc6 26. Rxe7 Nh5 27.
Bh6 Ng7 28. Qf4 Nh5 29. Qe5 f6 30. Qc7 Qxc7 31. Rxc7 Re8 32. g4 Re4 33. gxh5
Rxd4 34. Rg7+ Kh8 35. Rf7 Rg4+ 36. Kf1 gxh5 37. Rf8+ Rg8 38. Ke2 Rxf8 39. Bxf8
Kg8 40. Bc5 Kf7 41. Kf3 a5 42. Kf4 Ke6 43. Bb6 a4 44. Bd4 h6 45. Bc5 Kd7 46.
Kf5 Kc6 47. Bb4 d4 48. Kxf6 Kd5 49. f4 1-0

[Event "29. Torneo San Viator 2017"]
[Site "Madrid ESP"]
[Date "2017.11.01"]
[Round "7.6"]
[White "Lobato Rivero, Carlos"]
[Black "Garcia Martin, Esteban"]
[Result "1-0"]
[WhiteElo "1971"]
[BlackElo "1854"]
[PlyCount "115"]
[EventDate "2017.09.17"]
[EventType "swiss"]
[EventRounds "9"]
[EventCountry "ESP"]
[SourceTitle "Ajedrez en Madrid"]
[Source "lmi"]
[SourceDate "2017.09.17"]

1. e4 c5 2. Nc3 Nc6 3. Nf3 g6 4. d4 cxd4 5. Nxd4 Bg7 6. Be3 Nf6 7. Nxc6 bxc6 8.
e5 Ng8 9. Bd4 Nh6 10. e6 O-O 11. exd7 Bxd4 12. Qxd4 Qxd7 13. Qxd7 Bxd7 14.
O-O-O Be6 15. Be2 Ng4 16. Bxg4 Bxg4 17. Rd4 Bf5 18. Re1 Rfe8 19. g4 Be6 20. Na4
Rad8 21. Red1 Rxd4 22. Rxd4 Bd5 23. Nc3 e6 24. Kd2 f5 25. g5 Kf7 26. Ra4 Re7
27. Ra6 e5 28. b3 Rd7 29. Nxd5 cxd5 30. Kd3 Ke7 31. a4 Rc7 32. c4 dxc4+ 33.
bxc4 Kd7 34. c5 e4+ 35. Kd4 Kc8 36. Rf6 Kb7 37. a5 Rd7+ 38. Kc3 Kc7 39. a6 Re7
40. Kc4 Rd7 41. Kb5 Re7 42. Rf8 Kd7 43. Rb8 Ke6 44. Rf8 Ke5 45. Rb8 f4 46. Rb7
Ke6 47. Kc4 Rd7 48. c6 Rd8 49. c7 Rc8 50. Kd4 e3 51. fxe3 fxe3 52. Kxe3 Kd7 53.
Rxa7 Kc6 54. Rb7 Rxc7 55. Rxc7+ Kxc7 56. Ke4 Kb6 57. Ke5 Kxa6 58. Kf6 1-0